Movies Quiz

Random Movies or Actor Quiz
Score 0/25 Timer 06:00
1 Play Today
Year Musical % Correct
1939The Wizard of Oz
90.5%
1965The Sound of Music
89.6%
2002Chicago
85.9%
1952Singin' in the Rain
83.6%
1978Grease
83.1%
1964Mary Poppins
74.5%
2001Moulin Rouge!
70.4%
1961West Side Story
66.3%
1972Cabaret
64.7%
1956The King and I
61.2%
1964My Fair Lady
58%
1968Funny Girl
48.9%
1955Guys and Dolls
43.8%
Year Musical % Correct
1944Meet Me in St. Louis
40.5%
1951An American in Paris
32.5%
1954A Star is Born
30.9%
1979All that Jazz
27.5%
1942Yankee Doodle Dandy
26.4%
1935Top Hat
24.8%
1991Beauty and the Beast
23.3%
1954Seven Brides for Seven Brothers
19.7%
1949On the Town
18.7%
193342nd Street
16%
1936Show Boat
13.5%
1953The Band Wagon
8.8%
Remove Ads.
Support Sporcle.
Get the best of Sporcle when you Go Orange. This ad-free experience offers more features, more stats, and more fun while also helping to support Sporcle. Thank you for becoming a member.

You're not logged in!

Compare scores with friends on all Sporcle quizzes.
OR
Log In

Show Comments

Extras

Top Quizzes Today


Score Distribution

Your Account Isn't Verified!

In order to create a playlist on Sporcle, you need to verify the email address you used during registration. Go to your Sporcle Settings to finish the process.

Report this User

Report this user for behavior that violates our Community Guidelines.

Details: